[Event "London Golders Green op 4th"]
[Site "London"]
[Date "2014.08.24"]
[Round "4"]
[White "Haridas, Girinath"]
[Black "Rios, Jorge Luis"]
[Result "1-0"]
[WhiteElo "1844"]
[BlackElo "1952"]
[PlyCount "75"]
[EventDate "2014.08.23"]
[EventType "swiss"]
[EventRounds "6"]
[EventCountry "ENG"]
[SourceTitle "EXT 2018"]
[Source "ChessBase"]
[SourceDate "2017.10.13"]
[SourceVersion "1"]
[SourceVersionDate "2017.10.13"]
[SourceQuality "1"]

1. d4 Nf6 2. c4 c5 3. d5 b5 4. cxb5 a6 5. bxa6 Bxa6 6. Nc3 d6 7. Nf3 g6 8. e4 Bxf1 9. Kxf1 Bg7 10. g3 0-0 11. Kg2 Nbd7 12. Qc2 Qa5 13. Bd2 Ng4 14. a4 Rfb8 15. Nb5 Qb6 16. Bc3 Nge5 17. Nxe5 Nxe5 18. Rhe1 Rc8 19. f4 Nd7 20. Bxg7 Kxg7 21. Qc3+ Kg8 22. e5 dxe5 23. fxe5 Qb7 24. Qf3 Nb6 25. d6 Qxf3+ 26. Kxf3 Rxa4 27. Rxa4 Nxa4 28. dxe7 Re8 29. Ra1 Nb6 30. Ra7 Nd5 31. Nd6 Rxe7 32. Rxe7 Nxe7 33. Nb7 Nc6 34. Ke4 Nb4 35. Nxc5 Kf8 36. Nd3 Na2 37. Kd4 Ke7 38. Kc4 1-0